000 00259nam a22001097a 4500
008 170125b xxu||||| |||| 00| 0 eng d
020 _a0721686192
041 _aeng
080 _26TH
_a618.2
245 _aHUNTER'S TROPICAL MEDICINE
_cSTRICKLAND
942 _2udc
_cBK
999 _c3611
_d3611